Sentencje A2 w j. niemieckim - Statystyki

Ogólne statystyki
  • Ten quiz został rozwiązany 14 razy
  • Średni wynik to 5 z 20
Statystyki odpowiedzi
Hint Odpowiedź % Poprawnych
Piotra nie ma. Peter ist nicht da.
88%
Kto tam stoi? Wer steht dort?
50%
Herbata jest za zimna. Der Tee ist zu kalt.
38%
Nie mam ochoty. Ich habe keine Lust.
38%
Jak długo trwa ten film? Wie lange dauert der Film?
38%
Która godzina? Wie viel Uhr ist es?
38%
Przepraszam, nazywa się pan Schmidt? Entschuldigung, heißen Sie Schmidt?
25%
O której godzinie odjeżdża pociąg do Kolonii? Um wie viel Uhr fährt der Zug nach Köln ab?
25%
Ile lat mają Twoi rodzice? Wie alt sind deine Eltern?
25%
Uczniowie przygotowują się do testu. Die Schüler bereiten sich auf den Test vor.
13%
Chciałbym poznać Twoją siostrę. Ich möchte deine Schwester kennen lernen.
13%
Nie wiem, ale go zapytam. Ich weiß nicht, aber ich frage ihn.
13%
Kiedy przyjedzie nasz autobus? Wann kommt unser Bus?
13%
Kiedy i gdzie się pan urodził? Wann und wo sind Sie geboren?
13%
Do kogo należy ten zeszyt? Wem gehört das Heft?
13%
Ile kosztuje ta rzecz? Wie viel kostet die Sache?
13%
Papierosy mi się skończyły. Meine Zigaretten sind vorbei.
0%
Wstań i podejdź do tablicy. Steh auf und komm an die Tafel.
0%
Nie mamy już wody mineralnej. Wir haben kein Minerwalwasser mehr.
0%
Pokaż mi to, proszę. Zeig mir das bitte.
0%
Nie znaleziono quizów pasujących do podanych kryteriów
Rozkład punktacji
Procent ludzi z każdym wynikiem
Percentyl według liczby udzielonych odpowiedzi
Twoja historia wyników
Nie rozwiązałeś tego quizu